000 00926cam a2200349 i 4500
005 20251104163153.0
008 230507s2016 mx a 001 spa d
020 _a9786074485387
041 _aESP
082 _a611.314 R585p3
100 _aRiojas Garza, María Teresa
_910900
245 _aPrácticas de anatomía dental
250 _a3 edición
260 _aMéxico
260 _bManual moderno
260 _c2016
300 _a144 páginas
300 _bIlustraciones
300 _eDVD N°401
490 _aMecánica Dental
650 _aANATOMÍA DENTAL
650 _aODONTOLOGÍA
650 _aCATALOGACIÓN DE DENTADURAS
650 _aOCLUSIÓN DENTARIA
650 _aMODELADO DE DIENTES
650 _aESCULPIDO EN CUBOS DE CERA
650 _aARTICULADOR
650 _aTÉCNICA DE MODELADO DE PETER K. THOMAS
650 _aMODELADO POR GOTEO
650 _aDIENTES
942 _cBK
_2ddc
999 _c8266
_d8266